000 00486nam a2200205Ia 4500
001 13873
003 GE_BSU
008 181216s||||||||xx |||||||||||||| ||und||
020 _a9780061667862
040 _cGE_BSU
080 _a821.111-3
100 _aSparks,Kerrelyn.
245 4 _aThe vampire and the virgin.
260 _aNew York.
260 _bAvon.Harper collins publishers.
260 _c2010
300 _a370p;18cm.
653 _aThe vampire and the virgin.
942 _cBK
999 _c47017
_d47017